Історія світової культури (Запис № 416969)

МАРК-запис
000 -Лідер
fixed length control field 01182nam a22002177a 4500
003 - Ідентифікатор контрольного номера
control field UA-OsUOA
001 - Контрольний номер
control field 129185
007 - Фіксоване поле фізичного опису
fixed length control field ta
008 - Елементи даних фіксованої довжини – загальна інформація
fixed length control field 20180220b un ||||| |||| 00| 0 ukr d
090 ## - Локальний шифр розміщення
Авторський знак (НП) Л38
040 ## - Джерело каталогізації
Агенція оригінальної каталогізації UA-OsUOA
Мова каталогізації ukr
Агенція, яка здійснювала перезапис UA-OsUOA
Агенція, яка здійснювала модифікацію UA-OsUOA
041 ## - Код мови
Код мови тексту/ звукової доріжки чи окремого заголовка (П) ukr
100 ## - Основне введення – ім’я особи
Ім’я особи (НП) Левчук Л.
245 ## - Відомості про назву
Назва (НП) Історія світової культури
520 3# - Резюме і т.п.
Резюме, реферат, анотація, тощо (НП) Навчальний посібник відбиває логіку розвитку світової культури, її роль у прогресі людства, а також специфіку людини як продукту біологічної та культурної еволюції. Побудований відповідно до спрямованості лекційного курсу матеріал посібника дає змогу о
520 3# - Резюме і т.п.
Резюме, реферат, анотація, тощо (НП) панувати рух культуротворення від доісторичних періодів до складних суперечливих процесів культури XX століття.
650 #7 - Додаткове предметне введення – тематичний термін
Джерело заголовка чи терміна UDC
856 40 - Електронне місцезнаходження та доступ
Уніфікований ідентифікатор ресурсу (П) https://javalibre.com.ua/java-book/book/2917582
942 ## - Додаткові елементи входу (Коха)
Тип елемента Koha ЕКнига
955 ## - Код типу видання за змістом
Код типу видання за змістом (НП) Навчальні видання

Немає доступних примірників.